Líder v kontexte politického marketingu
Líder, jeho funkcie a rola v politickom marketingu. Typy politických lídrov a špecifické schopnosti, ktoré sa uplatňujú na vytvorenie politického programu (kognitívne schopnosti) a odkomunikovanie programu (komunikačné schopnosti).
Uložené v:
| Hlavný autor: | |
|---|---|
| Médium: | Kapitola |
| Jazyk: | Slovak |
| Predmet: | |
| Tagy: |
Žiadne tagy, Buďte prvý, kto otaguje tento záznam!
|
MARC
| LEADER | 00000nla$a2200000$$$4500 | ||
|---|---|---|---|
| 001 | 0147170 | ||
| 005 | 20190726101453.0 | ||
| 041 | 0 | |a slo | |
| 044 | |a SK | ||
| 245 | 1 | 0 | |a Líder v kontexte politického marketingu |c Alexander Čemez |
| 520 | |a Líder, jeho funkcie a rola v politickom marketingu. Typy politických lídrov a špecifické schopnosti, ktoré sa uplatňujú na vytvorenie politického programu (kognitívne schopnosti) a odkomunikovanie programu (komunikačné schopnosti). | ||
| 610 | 2 | 0 | |a komunikácia verbálna |
| 610 | 2 | 0 | |a komunikácia masmediálna |
| 610 | 2 | 0 | |a marketing politický |
| 610 | 2 | 0 | |a programy politické |
| 610 | 2 | 0 | |a lídri |
| 610 | 2 | 0 | |a zručnosti |
| 610 | 2 | 0 | |a rétorika |
| 100 | 1 | |a Čemez, Alexander | |